| 000 | 00381nam a2200121 4500 | ||
|---|---|---|---|
| 999 |
_c13645 _d13645 |
||
| 008 | 190329b ||||| |||| 00| 0 eng d | ||
| 100 |
_937997 _aDr. Villegas, Bernardo M. |
||
| 245 |
_aWhy federalization is not advisable/ _cDr. Bernardo M. Villegas |
||
| 260 |
_aPhilippines _bManila Bulletin _cc2018 |
||
| 300 | _apage 10. | ||
| 650 | 0 |
_937998 _aFederal government. |
|
| 942 |
_2ddc _cPER |
||